Statistics for Photo Quiz: Celebrity Guests On Morecambe & Wise (60's/70's)

Click here to take the quiz!

General Stats

  • This quiz has been taken 65 times
  • The average score is 12 of 20

Answer Stats

Answer% Correct
Cliff Richard
95%
Bruce Forsyth
88%
Henry Cooper
82%
Glenda Jackson
79%
Dennis Waterman
77%
James Hunt
77%
Peter Cushing
77%
Andre Previn
75%
Angela Rippon
74%
Diana Rigg
74%
Dick Emery
67%
Patrick Moore
58%
Edward Woodward
56%
John Le Mesurier
53%
Robert Morley
49%
Vanessa Redgrave
42%
Hughie Green
39%
Frank Finlay
37%
Susan Hampshire
26%
Michael Redgrave
23%

Score Distribution

Percentile by Number Answered

Percent of People with Each Score

Your Score History

You have not taken this quiz